Click-a-Rock Quiz Stats

 Plays Quiz Updated Jul 20, 2017

Support Sporcle.
Go Orange.
Score 0/20 Timer 03:00
1 Play Today
% Correct
Rock Bottom
90.9%
Hard Rock Cafe
90.8%
Rock-a-bye Baby
90.3%
Plymouth Rock
87.9%
Little Rock
87.8%
Metamorphic Rock
87.5%
School of Rock
86%
Rock Hudson
84.1%
Rock and Roll
83.5%
30 Rock
83.5%
% Correct
Pride Rock
82.2%
Rock Band
81.2%
Crocodile Rock
81%
Rock the Casbah
78.9%
Rock of Gibraltar
78.4%
Casterly Rock
78%
Dome of the Rock
71.1%
Fraggle Rock
70.1%
Schoolhouse Rock!
68.8%
Rock of Ages
66.9%

You're not logged in!

Compare scores with friends on all Sporcle quizzes.
OR
Log In
Forgot?

From the Vault

Ann Veal's Nicknames

by miyomiyo

The least-famous character from Arrested Development was often mistaken for inanimate objects.
Remove Ads.
Support Sporcle.
Get the best of Sporcle when you Go Orange. This ad-free experience offers more features, more stats, and more fun while also helping to support Sporcle. Thank you for becoming a member.

Show Comments

Extras

Top Quizzes Today


Score Distribution

Your Account Isn't Verified!

In order to create a playlist on Sporcle, you need to verify the email address you used during registration. Go to your Sporcle Settings to finish the process.

Report this User

Report this user for behavior that violates our Community Guidelines.

Details: